000 01034cam a22003014a 4500
005 20260322212006.0
008 data
010 _a 99024322
020 _a0736803297
020 _a9780736803298
040 _aDLC
_cDLC
_dDLC
042 _alcac
_alcac
050 0 0 _aRT62
_b.W36 2000
082 0 0 _a610.73/06/93
_221
092 _a610.73 Wal 2000
100 1 _aWallner, Rosemary,
_d1964-
245 1 0 _aLicensed practical nurse /
_cRosemary Wallner.
260 _aMankato, Minn. :
_bCapstone Books,
_cc2000.
300 _a48 p. :
_bcol. ill. ;
_c22 cm.
440 0 _aCareer exploration
504 _aIncludes bibliographical references (p. 46) and index.
520 _aIntroduces the career of the practical nurse through information about educational requirements, duties, the workplace, salary, employment outlook, and possible future positions.
650 0 _aPractical nursing.
650 0 _aPractical nursing
_xVocational guidance.
650 1 _aNursing
_xVocational guidance.
650 1 _aVocational guidance.
001 data
999 _c90
_d90